15 principales países afectados por Covid19 - 1 septiembre de 2022 - Estadísticas

Estadísticas generales
  • Esta prueba ha sido intentada 29 veces
  • La puntuación promedio es 16 de 28
Estadísticas de respuestas
país % Correcto
Estados Unidos
100%
España
96%
Rusia
96%
Alemania
92%
Francia
92%
Italia
92%
Japón
92%
Argentina
88%
Brasil
88%
India
88%
Reino Unido
79%
Corea del Sur
71%
Australia
67%
Portugal
67%
Turquía
67%
Austria
58%
Grecia
50%
Países Bajos
42%
Suiza
42%
Dinamarca
29%
Eslovenia
25%
Estonia
25%
Letonia
25%
Lituania
25%
Vietnam
25%
Georgia
8%
Israel
8%
Chipre
4%
No se encontraron pruebas coincidentes
Distribución de puntuación
Porcentaje de gente con cada puntuación
Porcentaje por número respondido
Historial de tus puntuaciones
No has intentado esta prueba.